000 nam a22 7a 4500
999 _c29309
_d29309
008 171125b xxu||||| |||| 00| 0 eng d
020 _a9789966560056
050 _aPE 1068 .A47A 2015
100 _aAnderson, Jason.
_d2015.
245 _aTeaching English in Africa /
_bA Guide to the Practice of English Language Teaching for Teachers and Trainee Teachers/
_cJason, Anderson.
250 _a1st ed.
260 _aUganda:
_bEast African Educational Publishers,
_c2015.
300 _axiii,280p. :ill.
_bincludes bibliographical references and index.
_c28cm
650 _aEnglish Language
942 _2lcc
_cAFRICANA
_hAFR PE 1068 .A47A4 2015
_02